|
|
|
|
| LEADER |
00000nam2a2200000 4500 |
| 001 |
91605 |
| 005 |
20231031104144.0 |
| 035 |
|
|
|a (RuTPU)RU\TPU\book\98194
|
| 090 |
|
|
|a 91605
|
| 100 |
|
|
|a 20060227d1968 m y0rusy50 ca
|
| 101 |
0 |
|
|a rus
|
| 102 |
|
|
|a RU
|
| 105 |
|
|
|a a g 001zy
|
| 200 |
0 |
|
|a Т. 1.
|f Б. Л. Абрамян [и др.]
|
| 210 |
|
|
|d 1968
|
| 215 |
|
|
|a 832 с.
|c ил.
|
| 320 |
|
|
|a Алфавитно-предметный указатель: с. 814-831.
|
| 461 |
|
1 |
|0 (RuTPU)RU\TPU\book\127595
|t Прочность. Устойчивость. Колебания
|o справочник
|o в 3 т.
|f под ред. И. А. Биргера, Я. Г. Пановко
|v Т. 1
|d 1968
|
| 610 |
1 |
|
|a прочность
|
| 610 |
1 |
|
|a устойчивость
|
| 610 |
1 |
|
|a колебания
|
| 610 |
1 |
|
|a справочники
|
| 610 |
1 |
|
|a пластичность
|
| 610 |
1 |
|
|a ползучесть
|
| 610 |
1 |
|
|a стержни
|
| 610 |
1 |
|
|a пластинки
|
| 610 |
1 |
|
|a оболочки
|
| 675 |
|
|
|a 621(035)
|v 3
|
| 675 |
|
|
|a 539.3(035)
|v 3
|
| 675 |
|
|
|a 539.4(035)
|v 3
|
| 701 |
|
1 |
|a Абрамян
|b Б. Л.
|
| 701 |
|
1 |
|a Арутюнян
|b Н. Х.
|
| 701 |
|
1 |
|a Биргер
|b И. А.
|
| 701 |
|
1 |
|a Болотин
|b В. В.
|
| 701 |
|
1 |
|a Вольмир
|b А. С.
|
| 801 |
|
1 |
|a RU
|b 63413507
|c 20060227
|g PSBO
|
| 801 |
|
2 |
|a RU
|b 63413507
|c 20221124
|g PSBO
|
| 942 |
|
|
|c BK
|